=LDR 00000nam 2200000 4500 =001 $a INLIS000000000007450 =005 $a 20260630100353 =008 $a 260630################g##########0#ind## =022 ##$$a 978-979-22-6289-6 =035 ##$$a 0010-0126000019 =082 ##$$a 92 (Ani Yudhoyono) =084 ##$$a 92 ALB k =100 #$$a Alberthiene Endah =245 ##$$a kepak Sayap Putri Prajurit : $b Ani Yudhoyono $c Alberthiene Endah ; konseptor, Hj. Ani Bambang Yudhoyono =246 ##$$a =260 ##$$a Jakarta : $b Gramedia Pustaka Utama $c 2010 =300 ##$$a 549 halaman : $b ilus ; $c 22 cm $d =336 ##$$a =337 ##$$a =338 ##$$a =520 #$$a =650 ##$$a Biografi - Ani Yudhoyono =700 #$$a Ani Bambang Yudhoyono (konseptor) =740 ##$$a =856 ##$$a Perpustakaan BKKBN =Wor $a 1